LEADER 01898nam2 2200397 i 450 001 CFI0112956 005 20231121125437.0 010 $a8813164610 020 $aIT$b89-12385 100 $a19950502d1989 ||||0itac50 ba 101 | $aita 102 $ait 181 1$6z01$ai $bxxxe 182 1$6z01$an 200 1 $a1$e˜La œlegge delega del 1974 e il progetto preliminare del 1978$fGiovanni Conso, Vittorio Grevi, Guido Neppi Modona$gcon la partecipazione di Giovanni Conti ... \et al.! 210 $aPadova$cCEDAM$d1989 215 $a1484 p.$d25 cm. 461 1$1001CFI0112954$12001 $a˜Il œnuovo Codice di procedura penale$edalle leggi delega ai decreti delegati$fGiovanni Conso, Vittorio Grevi, Guido Neppi Modona$v1 606 $aCodici E Commentari$2FIR$3RMLC376931$9I 700 1$aConso$b, Giovanni$3CFIV001270$4070$0149594 701 1$aGrevi$b, Vittorio$3CFIV021616$4070$0222797 701 1$aNeppi Modona$b, Guido$3CFIV070085$4070$0139716 702 1$aConti$b, Giovanni$f <1951- >$3LO1V037413 790 1$aConso$b, Giovanni Battista$3SBNV006505$zConso, Giovanni 790 1$aNeppi Modona$b, Guido Salvatore$3SBNV103228$zNeppi Modona, Guido 801 3$aIT$bIT-01$c19950502 850 $aIT-RM028 $aIT-RM0289 $aIT-RM0460 $aIT-FR0098 899 $aBiblioteca Universitaria Alessandrina$bRM028 899 $aBiblioteca Statale A. Baldini$bRM0289 899 $aBiblioteca Dell' Archivio Centrale Dello Stato$bRM0460 899 $aBiblioteca Area Giuridico Economica$bFR0098 912 $aCFI0112956 950 2$aBiblioteca Area Giuridico Economica$d 53DSG COD/CPP001.1$e 53VM 0000220125 VM barcode:19221-10. - Inventario:2272VM$fA $h20010423$i20121204 977 $a 01$a 04$a 27$a 53 996 $a1$93604971 997 $aUNICAS LEADER 02677nas 2200733-- 450 001 9910154523803321 005 20240911213022.0 035 $a(CKB)954927547255 035 $a(CONSER)---62001869- 035 $a(EXLCZ)99954927547255 100 $a20751019b19571991 --- a 101 0 $aeng 181 $ctxt$2rdacontent 182 $cc$2rdamedia 183 $acr$2rdacarrier 200 00$aJournal of mental deficiency research 210 $aOxford$cBlackwell Scientific Publications on behalf of the Royal Society for Mentally Handicapped Children and Adults 215 $a1 online resource 300 $aRefereed/Peer-reviewed 311 08$aPrint version: Journal of mental deficiency research. 0022-264X (DLC) 62001869 (OCoLC)1715909 517 1 $aJMDR 531 $aJ MENT DEFIC RES 531 0 $aJ. Ment. Defic. Res. 606 $aIntellectual disability$xResearch$vPeriodicals 606 $aIntellectual disability$vPeriodicals 606 $aIntellectual disability 606 $aIntellectual Disability 606 $aDéficience intellectuelle$vPériodiques 606 $aDéficience intellectuelle$xRecherche$vPériodiques 606 $aDéficience intellectuelle 606 $aintellectual disability$2aat 606 $aIntellectual disability$2fast$3(OCoLC)fst01016625 606 $aIntellectual disability$xResearch$2fast$3(OCoLC)fst01016646 606 $aMentale retardatie$2gtt 606 $aMental retardation$vPeriodicals$2nli 608 $aPeriodical. 608 $aLaneConnex. 608 $aPeriodicals. 608 $aInternet Resources. 608 $aPeriodicals.$2fast 608 $aPeriodicals.$2lcgft 610 $aMental Health Learning Disabilities 610 $aDisability 615 0$aIntellectual disability$xResearch 615 0$aIntellectual disability 615 0$aIntellectual disability. 615 2$aIntellectual Disability. 615 6$aDéficience intellectuelle 615 6$aDéficience intellectuelle$xRecherche 615 6$aDéficience intellectuelle. 615 7$aintellectual disability. 615 7$aIntellectual disability. 615 7$aIntellectual disability$xResearch. 615 17$aMentale retardatie. 615 7$aMental retardation 676 $a618.928588 712 02$aNational Society for Mentally Handicapped Children, 712 02$aNational Society for Mentally Handicapped Children and Adults, 712 02$aRoyal Society for Mentally Handicapped Children and Adults, 906 $aJOURNAL 912 $a9910154523803321 920 $aexl_impl conversion 996 $aJournal of mental deficiency research$9794508 997 $aUNINA